L'autofiction (notice n° 1971356)

détails MARC
000 -LEADER
fixed length control field 01288cam a2200133 4500500
005 - DATE AND TIME OF LATEST TRANSACTION
control field 20260329040321.0
041 ## - LANGUAGE CODE
Language code of text/sound track or separate title fre
042 ## - AUTHENTICATION CODE
Authentication code dc
100 10 - MAIN ENTRY--PERSONAL NAME
Personal name Grell, Isabelle
Relator term author
245 00 - TITLE STATEMENT
Title L'autofiction
260 ## - PUBLICATION, DISTRIBUTION, ETC.
Name of publisher, distributor, etc. Armand Colin,<br/>
Date of publication, distribution, etc. 2014.<br/>
520 ## - SUMMARY, ETC.
Summary, etc. L’autofiction est un « phénomène » littéraire qui a supplanté l’autobiographie. Ce nouveau roman du « Je » est officiellement qualifié en 1977 par Serge Doubrovsky dans le fameux texte de quatrième de couverture de son roman Fils. Ce terme donne lieu aujourd’hui comme hier à de nombreuses controverses théoriques, esthétiques et morales. Au tournant d’un millénaire et en réponse aux tumultes culturels, sociaux et politiques s’est installé un débat autour de la pratique de l’autofiction et de ses réflexions sur la place de l’individu dans une société où le virtuel enjambe le réel, où les limites traditionnelles éclatent et les mœurs se transforment. Au vu des disparités théoriques engendrées par l’apparition de ce terme et du questionnement sur le pacte entre le lecteur et l’auteur, Isabelle Grell propose ici de clarifier les diverses approches conceptuelles.
856 41 - ELECTRONIC LOCATION AND ACCESS
Uniform Resource Identifier <a href="https://shs.cairn.info/l-autofiction--9782200289737?lang=fr&redirect-ssocas=7080">https://shs.cairn.info/l-autofiction--9782200289737?lang=fr&redirect-ssocas=7080</a>

Pas d'exemplaire disponible.

PLUDOC

PLUDOC est la plateforme unique et centralisée de gestion des bibliothèques physiques et numériques de Guinée administré par le CEDUST. Elle est la plus grande base de données de ressources documentaires pour les Étudiants, Enseignants chercheurs et Chercheurs de Guinée.

Adresse

627 919 101/664 919 101

25 boulevard du commerce
Kaloum, Conakry, Guinée

Réseaux sociaux

Powered by Netsen Group @ 2025